000 00350nam a2200133Ia 4500
008 240624s9999 xx 000 0 und d
041 _aeng
082 _a070.449796 SCH
100 _aSCHULTZ BRAD
245 _aSPORTS MEDIA REPORTING PRODUCING AND PLA
260 _c2007
_aNew Delhi
_bElsevier
300 _axx, : 281 : p. : cm. ; 23
365 _cRS
_b33
999 _c4765
_d4765